00750nas a2200229Ia 4500001001100000003000900011008004100020040001300061040001300074041001300087100003800100210002100138222002100159245010900180250001100289260004200300501008600342300001100428362002600439500001600465650003900481R701/D3897IT-RoPAU151124c99999999xx |||||||||||| ||und|| aIT-RoPAU cIT-RoPAU aITALIANO aAA.VV. gCodice Aut. SPICS: 12000 aCARTE SEMIOTICHE aCarte Semiotiche aCARTE SEMIOTICHE, NUOVA SERIE N.02 (SETTEMBRE 1995)bCarte Semiotiche, Nuova Serie N.02 (Settembre 1995) a1a ed. aSIENAbPROTAGON EDITORI TOSCANIc1995 bPaulus - SPICS - Società San Paolo EM (non-commercial uses only)cCopyright2015 a104 p. aN.02 (SETTEMBRE 1995) aTraduzione. aSEMIOTICAvPUBBLICAZIONE PERIODICA